00958nam a2200265 i 4500001000300000100004100003245009200044246005300136250005500189260004800244300002800292504001200320521002800332650002100360655003000381700003900411700004500450020001500495040000800510041001300518044000800531080001400539008004100553856009800594bg1 aSaussure, Ferdinand ded(1857-1913).10aKurs językoznawstwa ogólnego /cFerdinand de Saussure ; przekł. Krystyna Kasprzyk.1 iTyt. oryg. :aCours de linguistique générale aWyd. 3 /bwstęp i przypisy Kazimierz Polański. aWarszawa :bWydawnictwo Naukowe PWN,c2002. a279 s. :bil. ;c24 cm. aIndeks. aPodręcznik akademicki 9aJęzykoznawstwa aPodręczniki akademickie1 aKasprzyk, Krystynad(1922- )eTł.1 aPolański, Kazimierzd(1929- )ePrzedm. a8301137738 cBPK1 apolhfre apol a81(075.8) s pl f |000 0 pol  uhttp://koha.tu.koszalin.pl/cgi-bin/koha/opac-detail.pl?biblionumber=53957yKatalog online BPK